Statistics for U.S. Cities by River and Ocean or Lake

Click here to take the quiz!

General Stats

  • This quiz has been taken 35 times
  • The average score is 8 of 14

Answer Stats

OceanRiverAnswer% Correct
Atlantic OceanHudsonNew York
96%
Atlantic OceanCharlesBoston
92%
Gulf of MexicoMississippiNew Orleans
88%
Lake ErieCuyahogaCleveland
63%
Gulf of MexicoBuffalo, White Oak, Brays, Sims*Houston
58%
Lake MichiganMenomonee, Kinnickinnic, ---Milwaukee
54%
Gulf of MexicoHillsboroughTampa
54%
Lake SuperiorSaint LouisDuluth
50%
Gulf of MexicoNuecesCorpus Christi
46%
Atlantic OceanSt. John'sJacksonville
42%
Lake MichiganFox RiverGreen Bay
29%
Lake OntarioGeneseeRochester
29%
Atlantic OceanAshley, Cooper, WandoCharleston
25%
Lake ErieMaumeeToledo
25%

Score Distribution

Percentile by Number Answered

Percent of People with Each Score

Your Score History

You have not taken this quiz